000 00328nam a22001217a 4500
020 _a2881450148
082 _a940.54
_bINT
_cD
245 _aInternational law concerning the conduct of hostilities
_cICRC
260 _aICRC
_bICRC
_cc1996
300 _aP 214
_c18cm
526 _a0
_b0
_c0
_d940_540000000000000_INT
942 _2ddc
_cBK
999 _c549609
_d549609